000 00273nam a22001337a 4500
008 170927b xxu||||| |||| 00| 0 eng d
020 _a9781580791199
041 _aeng
080 _a37
100 _a46
101 _aEDU
245 _aENGLISH
_cBARRETT
942 _2udc
_cBK
999 _c30140
_d30140